[Event "GBR-ch111 Major Open"]
[Site "Liverpool"]
[Date "2025.08.02"]
[Round "1.41"]
[White "Savage, Andrew"]
[Black "Sedykh, Stakhey"]
[Result "1-0"]
[WhiteElo "1950"]
[BlackElo "1756"]
[PlyCount "47"]
[EventDate "2025.08.02"]
[EventType "swiss"]
[EventRounds "9"]
[EventCountry "GBR"]
[SourceTitle "BritBase"]
[Source "John Saunders"]
[SourceDate "2025.08.11"]
[SourceVersion "1"]
[SourceVersionDate "2025.08.11"]
[SourceQuality "1"]

1. b4 d5 2. Bb2 Bf5 3. e3 e6 4. Nf3 Nf6 5. a3 Nbd7 6. Be2 h6 7. O-O c5 8. bxc5 Bxc5 9. c4 Qb6 10. Bxf6 Nxf6 11. d4 Be7 12. c5 Qb2 13. Qa4+ Kf8 14. Nbd2 Bc2 15. Qb4 Qxb4 16. axb4 Ke8 17. Ra2 Bg6 18. Rfa1 Kd8 19. Rxa7 Rxa7 20. Rxa7 Kc7 21. b5 Kb8 22. b6 Ne4 23. Nxe4 Bxe4 24. c6 1-0

[Event "GBR-ch111 Major Open"]
[Site "Liverpool"]
[Date "2025.08.02"]
[Round "1.42"]
[White "Berkley, Stephen W"]
[Black "Amoako, Selikem PJ"]
[Result "0-1"]
[WhiteElo "1748"]
[BlackElo "1948"]
[PlyCount "92"]
[EventDate "2025.08.02"]
[EventType "swiss"]
[EventRounds "9"]
[EventCountry "GBR"]
[SourceTitle "BritBase"]
[Source "John Saunders"]
[SourceDate "2025.08.11"]
[SourceVersion "1"]
[SourceVersionDate "2025.08.11"]
[SourceQuality "1"]

1. d4 Nf6 2. c4 g6 3. Nc3 Bg7 4. e4 d6 5. Nge2 O-O 6. Ng3 e5 7. d5 a5 8. Be2 Na6 9. h4 h5 10. Bg5 Qe8 11. Qd2 Bd7 12. O-O-O Ng4 13. Bxg4 Bxg4 14. f3 Bd7 15. Kb1 f6 16. Be3 f5 17. exf5 gxf5 18. f4 Qg6 19. Nge2 Bh6 20. Rh3 Kh7 21. Ka1 Rg8 22. Rg1 Rae8 23. Rg3 Qf6 24. Rxg8 Rxg8 25. g3 Nc5 26. Nc1 Rg4 27. N1e2 Qg7 28. Rf1 Qf6 29. Kb1 b6 30. b3 Bg7 31. Rf2 Ne4 32. Nxe4 fxe4 33. fxe5 Qxe5 34. Bd4 Qe7 35. Bxg7 e3 36. Qd3+ Kxg7 37. Rf3 Qe4 38. Qxe4 Rxe4 39. Kc2 Bg4 40. Rf4 Re5 41. Kd1 a4 42. Ke1 axb3 43. axb3 Re8 44. Rd4 Ra8 45. Rd1 Ra2 46. Nc3 Rh2 0-1

[Event "GBR-ch111 Major Open"]
[Site "Liverpool"]
[Date "2025.08.02"]
[Round "1.43"]
[White "Rastogi, Nayan Keats"]
[Black "Perkins, Chris"]
[Result "1-0"]
[WhiteElo "1948"]
[BlackElo "1747"]
[PlyCount "77"]
[EventDate "2025.08.02"]
[EventType "swiss"]
[EventRounds "9"]
[EventCountry "GBR"]
[SourceTitle "BritBase"]
[Source "John Saunders"]
[SourceDate "2025.08.11"]
[SourceVersion "1"]
[SourceVersionDate "2025.08.11"]
[SourceQuality "1"]

1. e4 c5 2. Nf3 Nc6 3. Bb5 g6 4. Bxc6 dxc6 5. d3 Bg7 6. h3 e5 7. a4 c4 8. a5 cxd3 9. cxd3 Ne7 10. Be3 O-O 11. Nc3 h6 12. O-O f5 13. Bc5 Be6 14. exf5 Rxf5 15. Nh4 Rf7 16. Ne4 g5 17. Nf3 Bd5 18. Nfd2 Ng6 19. g3 Rd7 20. Qe2 Be6 21. Ra3 Bxh3 22. Rc1 Be6 23. Be3 Ne7 24. Nc5 Bd5 25. Nxd7 Qxd7 26. Ne4 Nf5 27. b4 a6 28. Nc3 Be6 29. Na4 Rf8 30. Nc5 Qe7 31. Nxe6 Qxe6 32. Bc5 Rf7 33. Qe4 h5 34. d4 h4 35. dxe5 hxg3 36. fxg3 Nxg3 37. Rxg3 Rf4 38. Qe2 Bxe5 39. Rxg5+ 1-0

[Event "GBR-ch111 Major Open"]
[Site "Liverpool"]
[Date "2025.08.02"]
[Round "1.44"]
[White "Jacobs, Simon"]
[Black "McDonagh, Michael"]
[Result "1/2-1/2"]
[WhiteElo "1745"]
[BlackElo "1947"]
[PlyCount "45"]
[EventDate "2025.08.02"]
[EventType "swiss"]
[EventRounds "9"]
[EventCountry "GBR"]
[SourceTitle "BritBase"]
[Source "John Saunders"]
[SourceDate "2025.08.11"]
[SourceVersion "1"]
[SourceVersionDate "2025.08.11"]
[SourceQuality "1"]

1. e4 e6 2. d4 d5 3. Nd2 dxe4 4. Nxe4 Nd7 5. Nf3 Ngf6 6. Nxf6+ Nxf6 7. Be3 Bd6 8. Bd3 b6 9. Qe2 O-O 10. O-O-O Bb7 11. Bg5 c5 12. dxc5 bxc5 13. Bxh7+ Kxh7 14. Qd3+ Kg8 15. Qxd6 Qxd6 16. Rxd6 Ne4 17. Rd7 Bd5 18. Be3 f6 19. Nd2 Nxd2 20. Bxd2 Rf7 21. Rxf7 Kxf7 22. f3 a5 23. a3 1/2-1/2

[Event "GBR-ch111 Major Open"]
[Site "Liverpool"]
[Date "2025.08.02"]
[Round "1.45"]
[White "Davis, Cameron"]
[Black "Wainwright, Charlie"]
[Result "1-0"]
[WhiteElo "1944"]
[BlackElo "1743"]
[PlyCount "91"]
[EventDate "2025.08.02"]
[EventType "swiss"]
[EventRounds "9"]
[EventCountry "GBR"]
[SourceTitle "BritBase"]
[Source "John Saunders"]
[SourceDate "2025.08.11"]
[SourceVersion "1"]
[SourceVersionDate "2025.08.11"]
[SourceQuality "1"]

1. e4 e5 2. Nf3 Nf6 3. Nc3 Nc6 4. a3 d5 5. Bb5 d4 6. Ne2 Bd7 7. d3 Bd6 8. Ng3 a6 9. Bc4 b5 10. Ba2 Ne7 11. Bg5 h6 12. Bxf6 gxf6 13. Nh4 Be6 14. Qh5 Kd7 15. Ngf5 Bxf5 16. exf5 Qg8 17. Bxf7 Qg5 18. Be6+ Kc6 19. Qf3+ Kb6 20. g3 a5 21. O-O h5 22. h3 Rab8 23. Qe4 c6 24. a4 Bc5 25. Kg2 Rhd8 26. Rfd1 Nd5 27. axb5 Nf4+ 28. Kh2 cxb5 29. Nf3 Nxe6 30. Nxg5 Nxg5 31. Qe2 Rh8 32. h4 Nf7 33. Qf3 Nd6 34. Kh3 Rbg8 35. Rdb1 Rg4 36. Re1 Bb4 37. Rec1 Bd2 38. Rd1 Bb4 39. Rac1 Rc8 40. Kh2 Rc5 41. Kh3 Rc8 42. Qd5 Rc6 43. c3 Bc5 44. f3 Rg7 45. cxd4 exd4 46. Rxc5 1-0

[Event "GBR-ch111 Major Open"]
[Site "Liverpool"]
[Date "2025.08.02"]
[Round "1.46"]
[White "Dissanayake, Sathsara"]
[Black "Izod, Chris"]
[Result "1/2-1/2"]
[WhiteElo "1733"]
[BlackElo "1944"]
[PlyCount "39"]
[EventDate "2025.08.02"]
[EventType "swiss"]
[EventRounds "9"]
[EventCountry "GBR"]
[SourceTitle "BritBase"]
[Source "John Saunders"]
[SourceDate "2025.08.11"]
[SourceVersion "1"]
[SourceVersionDate "2025.08.11"]
[SourceQuality "1"]

1. e4 e6 2. d4 d5 3. Nd2 c5 4. exd5 Qxd5 5. Ngf3 cxd4 6. Bc4 Qd6 7. Nb3 Qb4+ 8. Nbd2 Nc6 9. O-O Nf6 10. a3 Qb6 11. b4 a6 12. Nb3 Bd6 13. Nbxd4 Nxd4 14. Qxd4 Qxd4 15. Nxd4 O-O 16. Bb2 Bd7 17. Rad1 Rfd8 18. Bb3 e5 19. Ne2 Bc6 20. c4 1/2-1/2

[Event "GBR-ch111 Major Open"]
[Site "Liverpool"]
[Date "2025.08.02"]
[Round "1.47"]
[White "Rich, Aaron"]
[Black "Buffard, Julien"]
[Result "1-0"]
[WhiteElo "1944"]
[BlackElo "1732"]
[PlyCount "107"]
[EventDate "2025.08.02"]
[EventType "swiss"]
[EventRounds "9"]
[EventCountry "GBR"]
[SourceTitle "BritBase"]
[Source "John Saunders"]
[SourceDate "2025.08.11"]
[SourceVersion "1"]
[SourceVersionDate "2025.08.11"]
[SourceQuality "1"]

1. e4 c5 2. Nf3 e6 3. d4 cxd4 4. Nxd4 Nc6 5. Nc3 Qc7 6. Be3 a6 7. Qf3 b5 8. O-O-O Bb7 9. Qg3 Qxg3 10. hxg3 Nf6 11. f3 Bc5 12. g4 Bxd4 13. Bxd4 Nxd4 14. Rxd4 d5 15. g5 Ng8 16. exd5 Rd8 17. Bd3 Ne7 18. Rdh4 Bxd5 19. Rxh7 Rxh7 20. Rxh7 g6 21. a4 b4 22. Rh8+ Kd7 23. Rxd8+ Kxd8 24. Nxd5 Nxd5 25. Bxa6 Nf4 26. g3 Nh3 27. f4 e5 28. fxe5 Nxg5 29. Bc4 Nf3 30. Bxf7 Nxe5 31. Bd5 Kc7 32. a5 Ng4 33. Kd2 Nf6 34. Bf3 g5 35. Kd3 g4 36. Be2 Kc6 37. Kd4 Kd6 38. a6 Kc6 39. Kc4 Kb6 40. Kxb4 Nd5+ 41. Kc4 Ne3+ 42. Kd3 Nf5 43. Bxg4 Nxg3 44. Ke3 Nf1+ 45. Kd4 Ng3 46. Bc8 Nh5 47. b4 Ng7 48. c4 Ne8 49. c5+ Ka7 50. b5 Kb8 51. Bh3 Ka7 52. Bf1 Kb8 53. b6 Nf6 54. a7+ 1-0

[Event "GBR-ch111 Major Open"]
[Site "Liverpool"]
[Date "2025.08.02"]
[Round "1.48"]
[White "Boganadham, Ved Sudeep"]
[Black "Zhu, Pengxiao"]
[Result "1-0"]
[WhiteElo "1731"]
[BlackElo "1938"]
[PlyCount "65"]
[EventDate "2025.08.02"]
[EventType "swiss"]
[EventRounds "9"]
[EventCountry "GBR"]
[SourceTitle "BritBase"]
[Source "John Saunders"]
[SourceDate "2025.08.11"]
[SourceVersion "1"]
[SourceVersionDate "2025.08.11"]
[SourceQuality "1"]

1. e4 e5 2. Nf3 Nc6 3. Bc4 Nf6 4. d4 exd4 5. e5 d5 6. Bb5 Nd7 7. O-O Be7 8. Bxc6 bxc6 9. Nxd4 Nb8 10. Nc3 O-O 11. Qh5 a5 12. f4 c5 13. Nf3 g6 14. Qh6 Nc6 15. f5 Bxf5 16. Ng5 Bxg5 17. Bxg5 f6 18. Bxf6 Rxf6 19. exf6 Qxf6 20. Nxd5 Qd4+ 21. Ne3 Re8 22. Rae1 Bxc2 23. Kh1 Be4 24. Qf4 Nd8 25. Ng4 Bxg2+ 26. Kxg2 Qxf4 27. Rxe8+ Kf7 28. Rxf4+ Kxe8 29. Nf6+ Ke7 30. Nxh7 Kd6 31. Rf6+ Ke5 32. Rxg6 Kd5 33. Ra6 1-0

[Event "GBR-ch111 Major Open"]
[Site "Liverpool"]
[Date "2025.08.02"]
[Round "1.49"]
[White "Vadalia, Jainill"]
[Black "Banerjee, Sanjoy K"]
[Result "1-0"]
[WhiteElo "1929"]
[BlackElo "1729"]
[PlyCount "57"]
[EventDate "2025.08.02"]
[EventType "swiss"]
[EventRounds "9"]
[EventCountry "GBR"]
[SourceTitle "BritBase"]
[Source "John Saunders"]
[SourceDate "2025.08.11"]
[SourceVersion "1"]
[SourceVersionDate "2025.08.11"]
[SourceQuality "1"]

1. d4 d5 2. c4 c6 3. Nc3 Nf6 4. cxd5 cxd5 5. Bf4 Nc6 6. e3 a6 7. Bd3 Bg4 8. Nge2 e6 9. O-O Be7 10. h3 Bh5 11. Rc1 O-O 12. Na4 Nb4 13. Bc7 Qe8 14. Nb6 Nxd3 15. Qxd3 Ra7 16. Nf4 Bg6 17. Qb3 Ne4 18. Nxg6 hxg6 19. Rc2 Nd6 20. Bxd6 Bxd6 21. Nc8 Qxc8 22. Rxc8 Rxc8 23. Qb6 Bb8 24. Rd1 Kh7 25. g3 Rc6 26. Qd8 Ra8 27. Rd3 Rc1+ 28. Kg2 Rc7 29. Rc3 1-0

[Event "GBR-ch111 Major Open"]
[Site "Liverpool"]
[Date "2025.08.02"]
[Round "1.50"]
[White "Nus, Jonah Bram Erik"]
[Black "Sharma, Josh"]
[Result "0-1"]
[WhiteElo "1724"]
[BlackElo "1925"]
[PlyCount "112"]
[EventDate "2025.08.02"]
[EventType "swiss"]
[EventRounds "9"]
[EventCountry "GBR"]
[SourceTitle "BritBase"]
[Source "John Saunders"]
[SourceDate "2025.08.11"]
[SourceVersion "1"]
[SourceVersionDate "2025.08.11"]
[SourceQuality "1"]

1. e4 e5 2. Nf3 Nc6 3. Bb5 a6 4. Ba4 Nf6 5. O-O d6 6. c4 Bd7 7. Nc3 g6 8. d4 exd4 9. Nxd4 Bg7 10. Nxc6 Bxc6 11. Bxc6+ bxc6 12. Qa4 Qd7 13. e5 dxe5 14. Rd1 Qe6 15. Nd5 Rc8 16. Nxf6+ Bxf6 17. Qxa6 O-O 18. a3 Ra8 19. Qb7 Qxc4 20. Qxc7 Rfc8 21. Qb6 Rcb8 22. Qe3 Rb3 23. Qe1 e4 24. Rd2 Rd3 25. Re2 Rad8 26. Bh6 Qb3 27. Rxe4 Qb8 28. g3 Bg7 29. Bxg7 Kxg7 30. b4 Qb5 31. a4 Qh5 32. Qe2 Qd5 33. a5 Rd2 34. Qc4 Qh5 35. Qc3+ Kg8 36. Re8+ Rxe8 37. Qxd2 Qe5 38. Rc1 Qb5 39. Qd7 Re4 40. Qxc6 Re1+ 41. Kg2 Qf1+ 42. Kf3 Rxc1 43. Qe8+ Kg7 44. Qe5+ f6 45. Qe7+ Kh6 46. Qf8+ Kg5 47. h4+ Kf5 48. g4+ Ke5 49. Qe7+ Kd5 50. Qe4+ Kd6 51. Qd4+ Kc6 52. Qb6+ Kd5 53. Qb7+ Kc4 54. Qe4+ Kb3 55. Qd5+ Qc4 56. Qxc4+ Kxc4 0-1

[Event "GBR-ch111 Major Open"]
[Site "Liverpool"]
[Date "2025.08.02"]
[Round "1.51"]
[White "McCarthy, Damian M"]
[Black "Railwani, Tavish"]
[Result "1-0"]
[WhiteElo "1924"]
[BlackElo "1714"]
[PlyCount "117"]
[EventDate "2025.08.02"]
[EventType "swiss"]
[EventRounds "9"]
[EventCountry "GBR"]
[SourceTitle "BritBase"]
[Source "John Saunders"]
[SourceDate "2025.08.11"]
[SourceVersion "1"]
[SourceVersionDate "2025.08.11"]
[SourceQuality "1"]

1. e4 e6 2. d4 d5 3. Nc3 Bb4 4. e5 c5 5. a3 Bxc3+ 6. bxc3 Qa5 7. Bd2 Qa4 8. Qb1 Nc6 9. Bb5 Qa5 10. Nf3 c4 11. Qb4 Qc7 12. a4 Nge7 13. a5 O-O 14. Qa3 Bd7 15. O-O Rfe8 16. Rfb1 a6 17. Bxc6 Nxc6 18. Qc5 Rec8 19. Bc1 Na7 20. Qe7 Nc6 21. Qc5 Na7 22. Qb4 Nb5 23. Rb2 h6 24. Bd2 Be8 25. Be3 Rab8 26. Bd2 Ra8 27. Rbb1 Rab8 28. Qb2 Qe7 29. Qc1 Kh7 30. h3 Bc6 31. Nh2 Rg8 32. Ng4 h5 33. Nh2 f6 34. Qd1 Qf7 35. f4 f5 36. Nf3 Qg6 37. Ng5+ Kh8 38. Kf2 Rgf8 39. Qf3 Kg8 40. Rh1 Rfc8 41. Bc1 Kf8 42. Ba3+ Nxa3 43. Rxa3 Ke7 44. Rb1 Bb5 45. Qd1 Kf8 46. Qc1 Qe8 47. Raa1 Qe7 48. Kg3 Kg8 49. Kh4 Be8 50. Rb6 Rc6 51. Rab1 Rxb6 52. Rxb6 Bf7 53. Qb2 Kf8 54. Rxa6 bxa6 55. Qxb8+ Be8 56. Qc8 Qd7 57. Nxe6+ Kf7 58. Qxd7+ Bxd7 59. Nc7 1-0

[Event "GBR-ch111 Major Open"]
[Site "Liverpool"]
[Date "2025.08.02"]
[Round "1.52"]
[White "Blin, Henri"]
[Black "Chapman, Luke"]
[Result "0-1"]
[WhiteElo "1704"]
[BlackElo "1921"]
[PlyCount "74"]
[EventDate "2025.08.02"]
[EventType "swiss"]
[EventRounds "9"]
[EventCountry "GBR"]
[SourceTitle "BritBase"]
[Source "John Saunders"]
[SourceDate "2025.08.11"]
[SourceVersion "1"]
[SourceVersionDate "2025.08.11"]
[SourceQuality "1"]

1. e4 c5 2. Nc3 Nc6 3. f4 g6 4. Nf3 Bg7 5. Bb5 Nd4 6. O-O Nh6 7. d3 e6 8. a3 O-O 9. Bc4 b6 10. Bd2 Bb7 11. Qc1 d5 12. exd5 exd5 13. Ba2 Nhf5 14. Qd1 Re8 15. Re1 Qd6 16. Nxd4 Nxd4 17. Be3 Rad8 18. Kh1 Nf5 19. Bd2 a6 20. Rb1 b5 21. Ne2 d4 22. Ng1 Nh4 23. Nf3 Nxf3 24. gxf3 Rxe1+ 25. Bxe1 Qxf4 26. Kg2 Re8 27. Bf2 Qg5+ 28. Bg3 Re3 29. Kf2 Rxf3+ 30. Qxf3 Bxf3 31. Kxf3 Qe3+ 32. Kg2 Qe2+ 33. Kg1 Bh6 34. Rf1 Be3+ 35. Bf2 Kg7 36. Bxe3 Qxe3+ 37. Kg2 f5 0-1

[Event "GBR-ch111 Major Open"]
[Site "Liverpool"]
[Date "2025.08.02"]
[Round "1.53"]
[White "Sugden, John N"]
[Black "Shah, Samuel"]
[Result "1/2-1/2"]
[WhiteElo "1920"]
[BlackElo "1693"]
[PlyCount "66"]
[EventDate "2025.08.02"]
[EventType "swiss"]
[EventRounds "9"]
[EventCountry "GBR"]
[SourceTitle "BritBase"]
[Source "John Saunders"]
[SourceDate "2025.08.11"]
[SourceVersion "1"]
[SourceVersionDate "2025.08.11"]
[SourceQuality "1"]

1. d4 d5 2. c4 e6 3. Nc3 Nf6 4. Bg5 Be7 5. e3 O-O 6. Nf3 Nbd7 7. Bd3 dxc4 8. Bxc4 a6 9. a4 c5 10. O-O cxd4 11. exd4 Nb6 12. Bb3 Bd7 13. Ne5 Nbd5 14. Qf3 Bc6 15. Qh3 h6 16. Bxh6 Nxc3 17. bxc3 gxh6 18. Qxh6 Be4 19. Rfe1 Bf5 20. Re3 Ne4 21. Rae1 Bg5 22. Qh5 Bxe3 23. Rxe3 Qf6 24. Bc2 Bg6 25. Qe2 Qxf2+ 26. Qxf2 Nxf2 27. Rg3 Kh7 28. Nxg6 fxg6 29. Rxg6 Kh8 30. Rh6+ Kg7 31. Rg6+ Kh8 32. Rh6+ Kg7 33. Rg6+ Kh8 1/2-1/2

[Event "GBR-ch111 Major Open"]
[Site "Liverpool"]
[Date "2025.08.02"]
[Round "1.54"]
[White "Jayar, Om Reddy"]
[Black "Vaidyanathan, Sathya"]
[Result "1-0"]
[WhiteElo "1686"]
[BlackElo "1915"]
[PlyCount "61"]
[EventDate "2025.08.02"]
[EventType "swiss"]
[EventRounds "9"]
[EventCountry "GBR"]
[SourceTitle "BritBase"]
[Source "John Saunders"]
[SourceDate "2025.08.11"]
[SourceVersion "1"]
[SourceVersionDate "2025.08.11"]
[SourceQuality "1"]

1. c4 e6 2. e4 d5 3. cxd5 exd5 4. exd5 Qxd5 5. Nc3 Qd8 6. Bc4 Nf6 7. Nf3 Bd6 8. O-O O-O 9. d4 Nc6 10. h3 h6 11. Re1 Re8 12. Be3 Bf5 13. Qb3 Qd7 14. Bf1 Nb4 15. Ne5 Bxe5 16. dxe5 Nfd5 17. Nxd5 Nxd5 18. Bd4 c6 19. Rad1 Qe7 20. Qf3 Be6 21. a3 c5 22. Bc3 Nxc3 23. Qxc3 Red8 24. f4 b6 25. Bd3 g6 26. Qc2 Kg7 27. f5 Bxf5 28. Bxf5 gxf5 29. Qxf5 Rxd1 30. Rxd1 Rd8 31. Qf6+ 1-0

[Event "GBR-ch111 Major Open"]
[Site "Liverpool"]
[Date "2025.08.02"]
[Round "1.55"]
[White "Ortiz Sanchez, Luis"]
[Black "Cann, Arthur"]
[Result "1-0"]
[WhiteElo "1908"]
[BlackElo "1677"]
[PlyCount "57"]
[EventDate "2025.08.02"]
[EventType "swiss"]
[EventRounds "9"]
[EventCountry "GBR"]
[SourceTitle "BritBase"]
[Source "John Saunders"]
[SourceDate "2025.08.11"]
[SourceVersion "1"]
[SourceVersionDate "2025.08.11"]
[SourceQuality "1"]

1. e4 c6 2. Nf3 d5 3. Nc3 dxe4 4. Nxe4 Nf6 5. Qe2 Nxe4 6. Qxe4 Nd7 7. Bc4 Nf6 8. Ne5 e6 9. Qf4 Bd6 10. d4 O-O 11. O-O Qc7 12. Bd3 Nd5 13. Qh4 f5 14. Nf3 Be7 15. Bg5 Bd6 16. a3 h6 17. Bd2 Be7 18. Qg3 Bd6 19. Ne5 Rf6 20. c4 Ne7 21. Bf4 g5 22. c5 Bxc5 23. dxc5 Nd5 24. Bxg5 hxg5 25. Qxg5+ Kh7 26. f4 Rh6 27. Rf3 b6 28. Rg3 Bb7 29. Bxf5+ 1-0

[Event "GBR-ch111 Major Open"]
[Site "Liverpool"]
[Date "2025.08.02"]
[Round "1.56"]
[White "Korsinskij, Nikolas"]
[Black "Keely, Leo A"]
[Result "1-0"]
[WhiteElo "1674"]
[BlackElo "1906"]
[PlyCount "109"]
[EventDate "2025.08.02"]
[EventType "swiss"]
[EventRounds "9"]
[EventCountry "GBR"]
[SourceTitle "BritBase"]
[Source "John Saunders"]
[SourceDate "2025.08.11"]
[SourceVersion "1"]
[SourceVersionDate "2025.08.11"]
[SourceQuality "1"]

1. e4 d5 2. exd5 Nf6 3. d4 Bg4 4. Be2 Bxe2 5. Qxe2 Qxd5 6. Nf3 e6 7. O-O Nc6 8. Nc3 Qf5 9. Rd1 O-O-O 10. Bg5 h6 11. Bh4 g5 12. Bg3 Nh5 13. Rd2 Nxg3 14. hxg3 Bg7 15. Rad1 h5 16. Ne5 Bxe5 17. dxe5 Rxd2 18. Rxd2 Qxe5 19. Qxe5 Nxe5 20. f4 gxf4 21. gxf4 Nc4 22. Rd4 Nd6 23. Kf2 h4 24. Rd1 Nf5 25. Ne4 Rg8 26. Ng5 c6 27. Nxf7 Rxg2+ 28. Kxg2 Ne3+ 29. Kh3 Nxd1 30. b3 Ne3 31. c4 Nf5 32. Ne5 Kc7 33. c5 b6 34. b4 Ne7 35. Kxh4 Nd5 36. Nd3 Nc3 37. a3 Nb1 38. Kg5 Nxa3 39. Kf6 bxc5 40. bxc5 Nc2 41. Kxe6 Nd4+ 42. Ke5 Nf3+ 43. Kf6 a5 44. f5 a4 45. Ke7 a3 46. Nb4 Ne5 47. f6 Kb7 48. f7 Ng6+ 49. Ke8 a2 50. Nxa2 Ka6 51. Nc3 Ka5 52. f8=Q Nxf8 53. Kxf8 Kb4 54. Ne4 Kc4 55. Ke7 1-0

[Event "GBR-ch111 Major Open"]
[Site "Liverpool"]
[Date "2025.08.02"]
[Round "1.57"]
[White "Rughani, Mahin"]
[Black "Pleimling, Luc"]
[Result "1-0"]
[WhiteElo "1906"]
[BlackElo "1664"]
[PlyCount "59"]
[EventDate "2025.08.02"]
[EventType "swiss"]
[EventRounds "9"]
[EventCountry "GBR"]
[SourceTitle "BritBase"]
[Source "John Saunders"]
[SourceDate "2025.08.11"]
[SourceVersion "1"]
[SourceVersionDate "2025.08.11"]
[SourceQuality "1"]

1. d4 d5 2. c4 e6 3. Nf3 Nf6 4. g3 c5 5. Bg2 Nc6 6. O-O cxd4 7. cxd5 exd5 8. Nxd4 Bc5 9. Nxc6 bxc6 10. Qc2 Qb6 11. Nc3 Bd6 12. Be3 Qc7 13. Rac1 Qd7 14. Na4 O-O 15. Qxc6 Bb7 16. Qxd7 Nxd7 17. Rfd1 Nf6 18. Nc3 Rab8 19. Bxa7 Rbe8 20. e3 Be5 21. Bd4 Bxd4 22. Rxd4 Ra8 23. a3 Rfc8 24. Rcd1 Kf8 25. Nxd5 Nxd5 26. Bxd5 Bxd5 27. Rxd5 Rc2 28. Rd8+ Rxd8 29. Rxd8+ Ke7 30. Rb8 1-0

[Event "GBR-ch111 Major Open"]
[Site "Liverpool"]
[Date "2025.08.02"]
[Round "1.58"]
[White "Ranasinghe, Chaniru"]
[Black "Melia, Alfie"]
[Result "0-1"]
[WhiteElo "1642"]
[BlackElo "1904"]
[PlyCount "54"]
[EventDate "2025.08.02"]
[EventType "swiss"]
[EventRounds "9"]
[EventCountry "GBR"]
[SourceTitle "BritBase"]
[Source "John Saunders"]
[SourceDate "2025.08.11"]
[SourceVersion "1"]
[SourceVersionDate "2025.08.11"]
[SourceQuality "1"]

1. d4 Nf6 2. Bf4 c6 3. Nc3 Qb6 4. Rb1 d5 5. e3 g6 6. Nf3 Bg7 7. Be2 Bg4 8. h3 Bxf3 9. Bxf3 O-O 10. h4 Nbd7 11. h5 Rfe8 12. hxg6 fxg6 13. Be2 e5 14. dxe5 Nxe5 15. Bxe5 Rxe5 16. a3 Qc7 17. Qd3 Rae8 18. Rd1 c5 19. Rd2 a6 20. Nxd5 Rxd5 21. Qb3 b5 22. Bf3 c4 23. Bxd5+ Nxd5 24. Qa2 Nf6 25. Qb1 Ne4 26. Rd1 Qe5 27. c3 Nxf2 0-1

[Event "GBR-ch111 Major Open"]
[Site "Liverpool"]
[Date "2025.08.02"]
[Round "1.59"]
[White "Shivakumar, Akshath"]
[Black "Ursu, Alexander"]
[Result "1-0"]
[WhiteElo "1901"]
[BlackElo "1636"]
[PlyCount "109"]
[EventDate "2025.08.02"]
[EventType "swiss"]
[EventRounds "9"]
[EventCountry "GBR"]
[SourceTitle "BritBase"]
[Source "John Saunders"]
[SourceDate "2025.08.11"]
[SourceVersion "1"]
[SourceVersionDate "2025.08.11"]
[SourceQuality "1"]

1. d4 Nf6 2. c4 g6 3. Nc3 Bg7 4. e4 d6 5. f3 Nfd7 6. Be3 e5 7. d5 Bh6 8. Qd2 Bxe3 9. Qxe3 O-O 10. Bd3 a5 11. Bc2 Nc5 12. O-O-O Bd7 13. h4 h5 14. Nge2 Kg7 15. g4 hxg4 16. h5 Rh8 17. h6+ Kh7 18. fxg4 Bxg4 19. Rdf1 Rf8 20. Rfg1 f5 21. exf5 Bxf5 22. Ng3 Bxc2 23. Kxc2 Nbd7 24. Nce4 Rf4 25. Rf1 Nxe4 26. Nxe4 Qe7 27. Rxf4 exf4 28. Qxf4 Rf8 29. Qe3 Rf5 30. Rg1 Re5 31. Ng5+ Kh8 32. Qf4 Rf5 33. Qd4+ Qe5 34. Qxe5+ Nxe5 35. b3 Rf2+ 36. Kb1 Rh2 37. Ne6 Rxh6 38. Nxc7 Nf7 39. Ne6 Kh7 40. Rg2 Rh1+ 41. Kb2 Kh6 42. Ka3 g5 43. Ka4 Ra1 44. Kxa5 g4 45. Rxg4 Rxa2+ 46. Kb6 Rb2 47. Rg3 Ne5 48. Rc3 Nxc4+ 49. Rxc4 Rxb3+ 50. Kc7 b5 51. Rc6 b4 52. Rxd6 Rc3+ 53. Kd7 b3 54. Rb6 Rd3 55. Nf4+ 1-0

[Event "GBR-ch111 Major Open"]
[Site "Liverpool"]
[Date "2025.08.02"]
[Round "1.60"]
[White "Byrne, Colin J"]
[Black "Patton, Zachary"]
[Result "1-0"]
[WhiteElo "1716"]
[BlackElo "1899"]
[PlyCount "74"]
[EventDate "2025.08.02"]
[EventType "swiss"]
[EventRounds "9"]
[EventCountry "GBR"]
[SourceTitle "BritBase"]
[Source "John Saunders"]
[SourceDate "2025.08.11"]
[SourceVersion "1"]
[SourceVersionDate "2025.08.11"]
[SourceQuality "1"]

1. c4 e6 2. g3 Nf6 3. Bg2 d5 4. Nf3 Be7 5. O-O Nc6 6. b3 O-O 7. d4 Ne4 8. e3 a5 9. Nbd2 f5 10. Bb2 g5 11. Ne5 Nxe5 12. dxe5 g4 13. Nxe4 dxe4 14. Qxd8 Rxd8 15. Rfd1 Rxd1+ 16. Rxd1 a4 17. Bc3 axb3 18. axb3 Ra3 19. Ra1 Rxb3 20. Ra8 Rxc3 21. Rxc8+ Kf7 22. Bf1 c6 23. Rb8 Rb3 24. Kg2 Rb2 25. Kg1 h6 26. c5 Bxc5 27. Ba6 Rb1+ 28. Kg2 b5 29. Rc8 b4 30. Rxc6 Be7 31. Bc4 Bg5 32. Bxe6+ Ke7 33. Bxf5 b3 34. Bxg4 Rb2 35. Rc3 h5 36. Bxh5 Ke6 37. Bd1 Kxe5 1-0

[Event "GBR-ch111 Major Open"]
[Site "Liverpool"]
[Date "2025.08.02"]
[Round "1.61"]
[White "Wilkinson, Daniel"]
[Black "Barton, Will"]
[Result "1-0"]
[WhiteElo "1889"]
[BlackElo "1580"]
[PlyCount "67"]
[EventDate "2025.08.02"]
[EventType "swiss"]
[EventRounds "9"]
[EventCountry "GBR"]
[SourceTitle "BritBase"]
[Source "John Saunders"]
[SourceDate "2025.08.11"]
[SourceVersion "1"]
[SourceVersionDate "2025.08.11"]
[SourceQuality "1"]

1. e4 c5 2. Nf3 d6 3. d4 cxd4 4. Nxd4 Nf6 5. Nc3 a6 6. Bg5 Nbd7 7. Qe2 e6 8. f4 Qc7 9. f5 e5 10. Nb3 b5 11. a3 Bb7 12. O-O-O Rc8 13. Kb1 Be7 14. h4 h6 15. Bxf6 gxf6 16. Rh3 Nb6 17. Na5 Ba8 18. Qd2 Nd7 19. Nb3 Nc5 20. Nd5 Bxd5 21. Qxd5 Rg8 22. g4 Rxg4 23. Be2 Rg2 24. Bh5 Nxb3 25. Qxf7+ Kd7 26. Qe6+ Kc6 27. Rxb3 Kb7 28. Rc3 Qd8 29. Rxc8 Qxc8 30. Qxe7+ Kb6 31. Qxd6+ Ka7 32. Qe7+ Kb6 33. Qxf6+ Ka5 34. Qd8+ 1-0

[Event "GBR-ch111 Major Open"]
[Site "Liverpool"]
[Date "2025.08.02"]
[Round "1.62"]
[White "Raj Konwar, Daryan"]
[Black "Gupta, Leonardo"]
[Result "0-1"]
[WhiteElo "1572"]
[BlackElo "1885"]
[PlyCount "54"]
[EventDate "2025.08.02"]
[EventType "swiss"]
[EventRounds "9"]
[EventCountry "GBR"]
[SourceTitle "BritBase"]
[Source "John Saunders"]
[SourceDate "2025.08.11"]
[SourceVersion "1"]
[SourceVersionDate "2025.08.11"]
[SourceQuality "1"]

1. e4 c5 2. c3 Nf6 3. Qc2 Qc7 4. Nf3 d6 5. d3 g6 6. Be3 Bg7 7. h3 O-O 8. Be2 e5 9. Nbd2 d5 10. Rc1 b6 11. O-O Bb7 12. c4 dxe4 13. Nxe4 Nc6 14. Ng3 Rad8 15. Rcd1 Rfe8 16. Ng5 h6 17. N5e4 Nxe4 18. Nxe4 f5 19. Nc3 f4 20. Bd2 Nd4 21. Qb1 Nxe2+ 22. Nxe2 f3 23. Ng3 fxg2 24. Rfe1 Qd7 25. d4 Qxh3 26. Qxg6 Qh1+ 27. Nxh1 gxh1=Q# 0-1